[Event "Motor City op"]
[Site "Warren"]
[Date "2002.11.30"]
[Round "4"]
[White "Dillabough, Trace"]
[Black "Scott, Steven"]
[Result "1-0"]
[WhiteElo "1488"]
[BlackElo "1775"]
[PlyCount "67"]
[EventDate "2002.11.29"]
[EventType "swiss"]
[EventRounds "7"]
[EventCountry "USA"]
[SourceTitle "EXT 2009"]
[Source "ChessBase"]
[SourceDate "2008.11.26"]
[SourceVersion "1"]
[SourceVersionDate "2008.11.26"]
[SourceQuality "1"]

1. d4 Nf6 2. c4 e6 3. Nc3 d5 4. e3 Be7 5. Bd3 Nbd7 6. Nf3 0-0 7. 0-0 c6 8. b3 Re8 9. Ne5 Nxe5 10. dxe5 Nd7 11. f4 f6 12. Qh5 f5 13. Rf3 g6 14. Qh3 Nc5 15. Bc2 d4 16. exd4 Qxd4+ 17. Re3 Qd8 18. Bb2 Nd7 19. Kh1 Bc5 20. Rd3 Qe7 21. Na4 Bb4 22. Nc3 Ba5 23. g4 Bxc3 24. Bxc3 c5 25. gxf5 gxf5 26. Rg3+ Kh8 27. Rag1 b6 28. Qg2 Ba6 29. Bd1 Rab8 30. Bf3 Qf7 31. Rg7 Qf8 32. Rxh7+ Kxh7 33. Qg6+ Kh8 34. Qh5+ 1-0

[Event "Motor City op"]
[Site "Warren"]
[Date "2002.11.30"]
[Round "3"]
[White "Scott, Steven"]
[Black "Levi, Ariel"]
[Result "0-1"]
[WhiteElo "1775"]
[BlackElo "2169"]
[PlyCount "48"]
[EventDate "2002.11.29"]
[EventType "swiss"]
[EventRounds "7"]
[EventCountry "USA"]
[SourceTitle "EXT 2009"]
[Source "ChessBase"]
[SourceDate "2008.11.26"]
[SourceVersion "1"]
[SourceVersionDate "2008.11.26"]
[SourceQuality "1"]

1. e4 c5 2. Nf3 Nc6 3. d3 g6 4. g3 Bg7 5. Bg2 e5 6. 0-0 Nge7 7. Nbd2 0-0 8. Re1 d6 9. Nf1 h6 10. c3 Be6 11. Ne3 Qd7 12. Qe2 f5 13. exf5 gxf5 14. Nc2 Rad8 15. Nh4 d5 16. f4 e4 17. dxe4 fxe4 18. Be3 d4 19. cxd4 cxd4 20. Bxe4 dxe3 21. Qxe3 Nd5 22. Qd3 Nf6 23. Ng6 Nxe4 24. Qxe4 Rf6 0-1

[Event "Motor City op"]
[Site "Warren"]
[Date "2002.11.30"]
[Round "5"]
[White "Scott, Steven"]
[Black "Wood, Jack Patrick"]
[Result "0-1"]
[WhiteElo "1775"]
[BlackElo "1450"]
[PlyCount "40"]
[EventDate "2002.11.29"]
[EventType "swiss"]
[EventRounds "7"]
[EventCountry "USA"]
[SourceTitle "EXT 2009"]
[Source "ChessBase"]
[SourceDate "2008.11.26"]
[SourceVersion "1"]
[SourceVersionDate "2008.11.26"]
[SourceQuality "1"]

1. e4 c5 2. Nf3 e6 3. d4 cxd4 4. Nxd4 a6 5. Be2 Nf6 6. Nd2 Qc7 7. 0-0 Nc6 8. Nxc6 bxc6 9. c4 Bb7 10. Bd3 Be7 11. b3 d5 12. Bb2 Rd8 13. cxd5 cxd5 14. e5 Nd7 15. Qe2 Nc5 16. Rfc1 Qb6 17. Bd4 Qb4 18. Bxc5 Bxc5 19. Nf3 Qb6 20. a3 0-0 0-1